000 00498nam a22001577a 4500
999 _c13957
_d13957
008 190621b ||||| |||| 00| 0 eng d
020 _a9715503713
082 _21990
_aDFil 899.2113
_bP65
100 _aPineda, Macario
_920256
245 _aAng Bayan ko'y isang Pilipina/
_cMacario Pineda
260 _aQuezon City:
_bADMU Press,
_cc1990.
300 _aPages 98-106;
_b18 cm.
500 _aAng Ginto sa Makiling at iba pang kuwento
650 _aShort stories, Filipino
_938866
942 _2ddc
_cDFIL